Investigating the relationship between self-regulated learning and language proficiency among EFL students in Vietnam

Self-regulated learning (SRL) strategies have received significant attention among researchers and become the topic of many empirical studies, since they are believed to significantly influence achievement levels in acquiring a foreign language. The current research investigated the SRL strategies m...

Teljes leírás

Elmentve itt :
Bibliográfiai részletek
Szerzők: Dong Hoang Minh
Habók Anita
Dokumentumtípus: Cikk
Megjelent: 2025
Sorozat:LANGUAGE LEARNING IN HIGHER EDUCATION 15 No. 1
Tárgyszavak:
doi:10.1515/cercles-2024-0010

mtmt:36160850
Online Access:http://publicatio.bibl.u-szeged.hu/36966
LEADER 02611nab a2200229 i 4500
001 publ36966
005 20250611085626.0
008 250611s2025 hu o 000 eng d
022 |a 2191-611X 
024 7 |a 10.1515/cercles-2024-0010  |2 doi 
024 7 |a 36160850  |2 mtmt 
040 |a SZTE Publicatio Repozitórium  |b hun 
041 |a eng 
100 1 |a Dong Hoang Minh 
245 1 0 |a Investigating the relationship between self-regulated learning and language proficiency among EFL students in Vietnam  |h [elektronikus dokumentum] /  |c  Dong Hoang Minh 
260 |c 2025 
300 |a 145-165 
490 0 |a LANGUAGE LEARNING IN HIGHER EDUCATION  |v 15 No. 1 
520 3 |a Self-regulated learning (SRL) strategies have received significant attention among researchers and become the topic of many empirical studies, since they are believed to significantly influence achievement levels in acquiring a foreign language. The current research investigated the SRL strategies most commonly employed by Vietnamese English as a foreign language (EFL) students, as well as any potential correlation between these strategies and language proficiency levels. The study randomly selected 140 undergraduate students. The participants had different levels of English proficiency and learning backgrounds. They completed an SRL questionnaire consisting of 50 items, which is comprised of two parts. Quantitative methods were used to collect data, and descriptive statistics and correlation analysis were employed to determine the correlation between learners’ SRL and language proficiency. Results indicated that the participants often employed a range of self-regulation strategies for language learning. The three strategies that were most frequently used were elaboration, help-seeking, and time and study environment management, while critical thinking and effort regulation were the least common. Furthermore, a notable positive relation was observed between students’ SRL strategies and language proficiency. It was clear that language proficiency and elaboration correlated most significantly, while the lowest correlation was found between language proficiency and effort regulation. Therefore, key adjustments should be made to curricula by educators and institutions to strengthen students’ SRL skills. Educators should also receive specialized training in incorporating SRL strategies into language instruction to support learners’ SRL skills development. 
650 4 |a Oktatástudomány 
700 0 1 |a Habók Anita  |e aut 
856 4 0 |u http://publicatio.bibl.u-szeged.hu/36966/1/10.1515_cercles-2024-0010.pdf  |z Dokumentum-elérés